| 000 | 00338nam a2200145Ia 4500 | ||
|---|---|---|---|
| 100 | _aSinha/ Umesh | ||
| 250 | _a6 | ||
| 942 | _cBK | ||
| 654 | _aelectromagnetic | ||
| 245 | _aElectromagnetic theory and its applications | ||
| 260 |
_bSatya prakashan _aNew Delhi _c1988 |
||
| 082 |
_a530.141 _bSIN |
||
| 300 | _a751 | ||
| 546 | _aENGLISH | ||
| 999 |
_c30412 _d30412 |
||